000 00852cab a2200265 4500
001 ABS52642
008 090401t1995 xxu||||| |||| 00| 0 eng d
035 _a(Sirsi) u88180
041 _aeng
100 _aPopham, J.
245 _aUrban regeneration and the single regeneration budget
260 _c1995
350 _a0
490 _aHousing and Planning Review
_v50(1) February & March 1995, 11-12(2)
520 _aAssesses the rationale behind the allocation of the Single Regeneration Budget. Combined housing and economic regeneration projects appear popular.
650 _aCITY CHALLENGE
650 _aCOMMUNITY DEVELOPMENT TRUSTS
650 _aGRANTS
650 _aHOUSING ASSOCIATIONS
650 _aSINGLE REGENERATION BUDGET
650 _aURBAN REGENERATION
690 _aURBAN RENEWAL
942 _n0
948 _c04/03/1997
999 _c55716
_d55716